Los siete mejores cuentos brasileros (Registro nro. 6715)
[ vista simple ]
| 000 - LÍDER | |
|---|---|
| campo de control de longitud fija | 01380nam a2200301 i 4500 |
| 005 - FECHA Y HORA DE LA ÚLTIMA TRANSACCIÓN | |
| campo de control | 20210727153347.0 |
| 008 - ELEMENTOS DE DATOS DE LONGITUD FIJA - INFORMACIÓN GENERAL | |
| campo de control de longitud fija | 160809s2007 ck gs 000 j spa d |
| 020 ## - INTERNATIONAL STANDARD BOOK NUMBER | |
| International Standard Book Number | 9789580484943 |
| 040 ## - FUENTE DE CATALOGACIÓN | |
| Agencia de catalogación original | CO-BoRNBP |
| Lenguaje de catalogación | spa |
| Agencia de transcripción | CO-BoRNBP |
| Descripción convenciones | rda |
| 084 ## - OTRO NÚMERO DE CLASIFICACIÓN | |
| Número de clasificación | C YIE1 |
| 245 04 - TÍTULO DECLARACIÓN | |
| Título | Los siete mejores cuentos brasileros |
| Declaración de responsabilidad | selección y adaptación Maite Yie ; ilustraciones Francisco Villa |
| 250 ## - DECLARACIÓN DE EDICIÓN | |
| Sentencia de edición | Primera edición |
| 264 #1 - AVISO DE PRODUCCIÓN, PUBLICACIÓN, DISTRIBUCIÓN, FABRICACIÓN Y DERECHOS DE AUTOR | |
| Lugar de producción | Bogotá |
| Nombre del productor | Norma |
| Fecha de producción | 2007 |
| 300 ## - DESCRIPCIÓN FÍSICA | |
| Alcance | 64 páginas |
| Otros datos físicos | ilustraciones |
| 336 ## - TIPO DE CONTENIDO | |
| Tipo de contenido | texto |
| Código de tipo de contenido | txt |
| Fuente | rdacontent |
| 337 ## - TIPO DE MEDIO | |
| Término del tipo de medio | sin mediación |
| Código de tipo de medio | n |
| Fuente | rdamedia |
| 338 ## - TIPO DE PORTADOR | |
| Término del tipo de operador | volumen |
| Código de tipo de operador | nc |
| Fuente | rdacarrier |
| 490 0# - DECLARACIÓN EN SERIE | |
| Estado de cuenta de la serie | Los siete mejores cuentos |
| 505 1# - NOTA DE CONTENIDO FORMATEADA | |
| Nota sobre el contenido formateado | Ixiwai y la maloca abandonada ; El siervo de plata ; El juego del bicho ; Kaboi y el mundo de la sareima ; El canto de las mujeres iamuricumá ; El origen de la risa ; Los gemelos que hicieron danzar a Icu |
| 521 1# - NOTA DE AUDIENCIA OBJETIVO | |
| Nota para el público objetivo | Desde los 9 años |
| 650 14 - ENTRADA DE SUJETO AÑADIDO - TÉRMINO TÓPICO | |
| Término tópico o elemento de entrada del nombre geográfico | Cuentos infantiles brasileños |
| Subdivisión cronológica | Siglo XXI |
| Fuente del título o término | LEMB |
| 650 14 - ENTRADA DE SUJETO AÑADIDO - TÉRMINO TÓPICO | |
| Término tópico o elemento de entrada del nombre geográfico | Literatura infantil brasileña |
| Subdivisión cronológica | Siglo XXI |
| Fuente del título o término | LEMB |
| 650 14 - ENTRADA DE SUJETO AÑADIDO - TÉRMINO TÓPICO | |
| Término tópico o elemento de entrada del nombre geográfico | Animales |
| Subdivisión de forma | Cuentos infantiles |
| Fuente del título o término | LEMB |
| 700 1# - ENTRADA AGREGADA - NOMBRE PERSONAL | |
| Nombre de la persona | Yie, Maite |
| 700 1# - ENTRADA AGREGADA - NOMBRE PERSONAL | |
| Nombre de la persona | Villa, Francisco, |
| Término del Relator | ilustrador |
| 740 ## - ENTRADA AGREGADA - TÍTULO RELACIONADO / ANALÍTICO NO CONTROLADO | |
| Título relacionado/analítico no controlado | Ixiwai y la maloca abandonada El siervo de plata El juego del bicho Kaboi y el mundo de la sareima El canto de las mujeres iamuricumá El origen de la risa Los gemelos que hicieron danzar a Icu |
| 942 ## - ELEMENTOS DE ENTRADA AGREGADOS (KOHA) | |
| Fuente de clasificación o esquema de estanterías | |
| Tipo de artículo Koha | Literartura |
| Estado de retirada | Pérdida de estatus | Fuente de clasificación o esquema de estanterías | Estado dañado | No para préstamo | Ubicación permanente | Ubicación actual | Ubicación de las estanterías | Fecha de adquisición | Fuente de adquisición | Número Topográfico | Código de barras | Número de copia | Fecha de la última vez que se vio | Tipo de artículo Koha |
|---|---|---|---|---|---|---|---|---|---|---|---|---|---|---|
| Dewey Decimal Classification | Biblioteca Pública Municipal León de Greiff | Biblioteca Pública Municipal León de Greiff | Área Infantil | 08/10/2024 | Ministerio de cultura | C YIE1 | MAR11 - 1797 | Ej. 1 | 29/05/2024 | Literartura |